11 birthdays / (Record no. 140)
[ view plain ]
| 000 -LEADER | |
|---|---|
| fixed length control field | 01373nam a22003617a 4500 |
| 001 - CONTROL NUMBER | |
| control field | 140 |
| 003 - CONTROL NUMBER IDENTIFIER | |
| control field | FISKH |
| 005 - DATE AND TIME OF LATEST TRANSACTION | |
| control field | 20240926123747.0 |
| 008 - FIXED-LENGTH DATA ELEMENTS--GENERAL INFORMATION | |
| fixed length control field | 230301b cb ||||| |||| 00| 0 eng d |
| 020 ## - INTERNATIONAL STANDARD BOOK NUMBER | |
| International Standard Book Number | 9780545052405 |
| 040 ## - CATALOGING SOURCE | |
| Original cataloging agency | DLC |
| Transcribing agency | DLC |
| Modifying agency | IG# |
| -- | BTCTA |
| -- | BAKER |
| -- | JP3 |
| -- | CDC |
| -- | YDXCP |
| -- | TEF |
| -- | EHH |
| -- | OCLCQ |
| -- | JQF |
| -- | CQU |
| -- | DLC |
| -- | FISKH |
| 042 ## - AUTHENTICATION CODE | |
| Authentication code | lcac |
| 050 00 - LIBRARY OF CONGRESS CALL NUMBER | |
| Classification number | PZ7.M42355 |
| Item number | Aad 2009 |
| 082 00 - DEWEY DECIMAL CLASSIFICATION NUMBER | |
| Classification number | 813.6 |
| Edition number | 23 |
| 100 1# - MAIN ENTRY--PERSONAL NAME | |
| Personal name | Mass, Wendy, |
| Dates associated with a name | 1967- |
| 245 10 - TITLE STATEMENT | |
| Title | 11 birthdays / |
| Statement of responsibility, etc. | by Wendy Mass. |
| 246 3# - VARYING FORM OF TITLE | |
| Title proper/short title | Eleven birthdays |
| 250 ## - EDITION STATEMENT | |
| Edition statement | 1st ed. |
| 260 ## - PUBLICATION, DISTRIBUTION, ETC. | |
| Place of publication, distribution, etc. | New York |
| Name of publisher, distributor, etc. | Scholastic |
| Date of publication, distribution, etc. | 2009 |
| 300 ## - PHYSICAL DESCRIPTION | |
| Extent | 236 p. |
| Dimensions | 20 cm. |
| 505 ## - FORMATTED CONTENTS NOTE | |
| Formatted contents note | M |
| 520 ## - SUMMARY, ETC. | |
| Summary, etc. | After celebrating their first nine same-day birthdays together, Amanda and Leo, having fallen out on their tenth and not speaking to each other for the last year, prepare to celebrate their eleventh birthday separately but peculiar things begin to happen as the day of their birthday begins to repeat itself over and over again. |
| 521 8# - TARGET AUDIENCE NOTE | |
| Target audience note | 650 |
| Source | Lexile |
| 521 8# - TARGET AUDIENCE NOTE | |
| Target audience note | M |
| Source | Raz-Plus |
| 526 0# - STUDY PROGRAM INFORMATION NOTE | |
| Program name | Accelerated Reader/Renaissance Learning |
| Interest level | MG |
| Reading level | 4.1 |
| Title point value | 7. |
| 586 8# - AWARDS NOTE | |
| Awards note | A Junior Library Guild selection |
| 650 #1 - SUBJECT ADDED ENTRY--TOPICAL TERM | |
| Topical term or geographic name entry element | Birthdays |
| Form subdivision | Fiction. |
| 650 #1 - SUBJECT ADDED ENTRY--TOPICAL TERM | |
| Topical term or geographic name entry element | Time |
| Form subdivision | Fiction. |
| 650 #1 - SUBJECT ADDED ENTRY--TOPICAL TERM | |
| Topical term or geographic name entry element | Friendship |
| Form subdivision | Fiction. |
| 650 #1 - SUBJECT ADDED ENTRY--TOPICAL TERM | |
| Topical term or geographic name entry element | Interpersonal relations |
| Form subdivision | Fiction. |
| 906 ## - LOCAL DATA ELEMENT F, LDF (RLIN) | |
| a | 7 |
| b | cbc |
| c | orignew |
| d | 1 |
| e | ecip |
| f | 20 |
| g | y-gencatlg |
| 942 ## - ADDED ENTRY ELEMENTS (KOHA) | |
| Source of classification or shelving scheme | Dewey Decimal Classification |
| Koha item type | Books |
| Suppress in OPAC | No |
| Withdrawn status | Lost status | Source of classification or shelving scheme | Damaged status | Not for loan | Collection | Home library | Current library | Shelving location | Date acquired | Total Checkouts | Full call number | Barcode | Date last seen | Copy number | Price effective from | Koha item type |
|---|---|---|---|---|---|---|---|---|---|---|---|---|---|---|---|---|
| Dewey Decimal Classification | Juvenile Fiction | Footprints International School Library Network Toul Kork Campus | Footprints International School Library Network Toul Kork Campus | TK Primary Library Room(4th Floor), Bookcase 5&6, Shelves 33-56, Orange Books | 03/01/2023 | MAS 813.6 PZ7.M42355 | FISTK05381 | 03/01/2023 | 1 | 03/01/2023 | Books | |||||
| Dewey Decimal Classification | Fiction | Footprints International School Library Network Toul Kork Campus | Footprints International School Library Network Toul Kork Campus | TK Primary Library Room(4th Floor), Bookcase 5&6, Shelves 33-56, Orange Books | 03/01/2023 | MAS 813.6 PZ7.M42355 | FISTK04930 | 03/13/2023 | 2 | 03/01/2023 | Books | |||||
| Dewey Decimal Classification | Fiction | Footprints International School Library Network Toul Kork Campus | Footprints International School Library Network Toul Kork Campus | TTP Primary Orange Bookshelves | 03/01/2023 | MAS 813.6 PZ7.M42355 | FIS00737 | 09/26/2024 | 3 | 03/01/2023 | Books |
